Statistiques concernant Prix Renaudot Marquants

Cliquez ici pour prendre le quiz!

Statistiques générales

  • Ce quiz a été pris 11 fois
  • Le résultat moyen est 8 sur 22

Statistiques - réponses

AnnéeOuvrageRéponse% Correct
1932Voyage au bout de la nuitLouis-Ferdinand Céline
86%
1965Les ChosesGeorges Perec
71%
2019La Panthère des neigesSylvain Tesson
71%
2021Premier SangAmélie Nothomb
57%
2009Un roman françaisFrédéric Beigbeder
57%
1984La PlaceAnnie Ernaux
43%
1957La ModificationMichel Butor
43%
2010Apocalypse BébéVirginie Despentes
43%
2007Chagrin d'écoleDaniel Pennac
29%
2014CharlotteDavid Foenkinos
29%
2011LimonovEmmanuel Carrère
29%
2004Suite françaiseIrène Némirovsky
29%
1929La Table-aux-crevésMarcel Aymé
29%
2003Les Âmes grisesPhilippe Claudel
29%
2013NaissanceYann Moix
29%
2015D'après une histoire vraieDelphine de Vigan
14%
1963Le Procès-verbalJ. M. G. Le Clézio
14%
1936Les Beaux QuartiersLouis Aragon
14%
1949Le Jeu de patienceLouis Guilloux
14%
2005Mes mauvaises penséesNina Bouraoui
14%
2022PerformanceSimon Liberati
14%
2016BabyloneYasmina Reza
14%

Distribution des résultats

Percentile par nombre de réponses

% des personnes avec chaque résultat

Votre développement - résultats

Vous n’avez pas pris ce quiz